Algunas reflexiones sobre la escuela preparatoria de Gabino Barreda, 1867-1876 / (Record no. 1679)
[ view plain ]
| 000 -CABECERA | |
|---|---|
| campo de control de longitud fija | 00752nam a2200181 a 4500 |
| 005 - FECHA Y HORA DE LA ÚLTIMA TRANSACCIÓN | |
| campo de control | 20210223120448.0 |
| 008 - ELEMENTOS DE LONGITUD FIJA--INFORMACIÓN GENERAL | |
| campo de control de longitud fija | 991125s1985 mx 000 0 spa u |
| 035 ## - NÚMERO DE CONTROL DEL SISTEMA | |
| Número de control de sistema | UPN01000001679 |
| 049 ## - COLECCIÓN | |
| Colección | CG |
| 050 #4 - SIGNATURA TOPOGRÁFICA DE LA BIBLIOTECA DEL CONGRESO | |
| Número de clasificación | LA427 |
| Número de documento/Ítem | M6.2 |
| 100 1# - ASIENTO PRINCIPAL--NOMBRE PERSONAL | |
| Nombre de persona | Morales Torales, Selene |
| 245 10 - MENCIÓN DE TÍTULO | |
| Título | Algunas reflexiones sobre la escuela preparatoria de Gabino Barreda, 1867-1876 / |
| Mención de responsabilidad, etc. | Selene Morales Torales. |
| 260 ## - PUBLICACIÓN, DISTRIBUCIÓN, ETC. | |
| Lugar de publicación, distribución, etc. | Acatlán, Edo. de México : |
| Nombre del editor, distribuidor, etc. | S. Morales Torales, |
| Fecha de publicación, distribución, etc. | 1985. |
| 300 ## - DESCRIPCIÓN FÍSICA | |
| Extensión | 95 p. |
| 502 ## - NOTA DE TESIS | |
| Nota de tesis | Tesis (Lic. en Pedagogía) -- Universidad Nacional Autónomade México. Escuela Nacional de Estudios Profesionales Acatlán, 1985 |
| 610 24 - ASIENTO SECUNDARIO DE MATERIA - NOMBRE CORPORATIVO | |
| Nombre de entidad corporativa o nombre de jurisdicción como elemento de entrada | UNIVERSIDAD NACIONAL AUTONOMA DE MEXICO. |
| Unidad subordinada | ESCUELA NACIONAL PREPARATORIA NO.1 GABINO BARREDA |
| 9 (RLIN) | 21967 |
| 905 ## - TIPO DE MATERIAL | |
| Tipo de material | Libro |
| Estado de retiro | Estado de pérdida | Fuente del sistema de clasificación o colocación | Estado dañado | No para préstamo | Código de colección | Localización permanente | Ubicación/localización actual | Ubicación en estantería | Total de préstamos | Clasificación | Código de barras | Fecha visto por última vez | Número de copia | Tipo de ítem Koha |
|---|---|---|---|---|---|---|---|---|---|---|---|---|---|---|
| Library of Congress Classification | Colección General | Bib. Gregorio Torres Quintero | Bib. Gregorio Torres Quintero | Planta baja | 28 | LA427 M6.2 | 130866 | 31/12/2020 | 1 | Libro |
